000 00259nam a22001217a 4500
008 170529b xxu||||| |||| 00| 0 eng d
041 _aeng
080 _a62
100 _a27
101 _aIM
245 _aNONLIER SYSTEM THEORY
_cCASTI.J
942 _2udc
_cBK
999 _c14702
_d14702